000 00711nam a2200289Ia 4500
005 20260324133210.0
008 008 260324s9999 xx 000 0 eng d
020 _a9781315230849
037 _aEBOOK
040 _aCRL
040 _beng
040 _cCRL
041 _2eng
041 _aeng
084 _qCRL
100 _aSimon Biggs; Jon Hendricks; Ariela Lowenstein
_91192164
245 4 _aThe Need for Theory
245 0 _bCritical Approaches to Social Gerontology
260 _bTaylor and Francis
260 _c2003
365 _a
365 _b530
856 _uhttp://www.taylorfrancis.com/books/9781315230849
942 _cEBOOK
999 _c1791007
_d1791007